عرض عادي
عرض مارك
- القضاء
دخول Topical Term
001 - CONTROL NUMBER
- control field: 29481
003 - CONTROL NUMBER IDENTIFIER
- control field: AE-AdECS
005 - DATE AND TIME OF LATEST TRANSACTION
- control field: 20260501103237.0
008 - FIXED-LENGTH DATA ELEMENTS
- fixed length control field: 260501|| aca||aabn | a|a d
040 ## - CATALOGING SOURCE
- Original cataloging agency: AE-AdECS
- Transcribing agency: AE-AdECS
150 ## - HEADING--TOPICAL TERM
- Topical term or geographic name entry element: القضاء
- Geographic subdivision: مصر
- General subdivision: معالجة بيانات
670 ## - SOURCE DATA FOUND
- Source citation: Work cat.: (AE-AdECS)294959: البلقاسي، منال مؤلف. 29477, تطبيقات الذكاء الاصطناعي في القضاء /
